Statistiques concernant Culture Générale - Série 1141

Cliquez ici pour prendre le quiz!

Statistiques générales

  • Ce quiz a été pris 46 fois
  • Le résultat moyen est 7 sur 10

Statistiques - réponses

Question Réponse % Correct
Qu'est-ce qui peut être "filante" dans le ciel, "de mer" sous l'océan et "des neiges" dans une chanson ?étoile
98%
La culbute par laquelle on tombe, en se roulant en boule pour amortir le choc, est un "roulé-...boulé
98%
Quel ustensile de cuisine peut-être à gaufres, à tarte, à charlotte ou à manqué ?moule
93%
Quel programme d'étude, lancé en 1987, s'inspire du nom de l'humaniste Érasme ?Erasmus
91%
Quel type de portrait, effectué d'après témoignages, représente un individu recherché par la police ?portrait-robot
88%
À quel artiste italien doit-on la statue colossale de “David”, exposée à l'Académie de Florence ?Michel-Ange
84%
Dans les aventures de Tintin, quel est le nom de la grande diva capricieuse, qui signifie littéralement "blanche chastefleur" ?Bianca Castafiore
81%
Comment s'appelle le cousin, d'après le titre d'un roman de Balzac de 1847 ?Pons
23%
Qui incarne la Brute dans le film “Le Bon, la Brute et le Truand”, en 1966 ?Lee Van Cleef
21%
Selon la Bible, de qui Salomé obtint-elle la tête sur un plat d'argent, en dansant devant Hérode Antipas ?Jean-Baptiste
14%

Distribution des résultats

Percentile par nombre de réponses

% des personnes avec chaque résultat

Votre développement - résultats

Vous n’avez pas pris ce quiz